• 首页
  • 本馆介绍
  • 公告通知
  • 最新文献
  • 馆藏检索
  • 电子资源
  • 读者导购
  • 参考咨询
  • 我的图书馆
  • 登录
  • 详细信息显示
  • 放入我的书架
  • 预约/预借图书
  • 作者相关作品
  • 分类相关作品
  • 丛书相关作品
  • 出版社相关作品

书目信息

  • 表格格式
  • 工作单格式
  • 卡片格式
题名:
化工设备使用与维护
    
 
作者: 许春树 主编
分册:  
出版信息: 北京   中央广播电视大学出版社  2021.4
页数: 229页
开本: 26cm
丛书名:
单 册:
中图分类: TQ050.7
科图分类:
主题词: 化工设备--使用方法--广播电视大学--教材 , 化工设备--维修--广播电视大学--教材 , 化工设备
电子资源:
ISBN: 978-7-304-05630-8
000 00882nam0 2200265 45
001 012001001665
005 20140904152642.0
010    @a978-7-304-05630-8@dCNY22.00
100    @a20120921d2012 em y0chiy50 ea
101 0  @achi
102    @aCN@b110000
105    @ay z 000yy
106    @ar
200 1  @a化工设备使用与维护@Ahua gong she bei shi yong yu wei hu@b专著@f许春树主编
210    @a北京@c中央广播电视大学出版社@d2021.4
215    @a229页@d26cm
300    @a中央广播电视大学教材
330    @a本书包括化工设备基础知识,换热设备、反应设备、塔设备、管道、阀门、压缩机的使用与维护,相关设备的运行管理。
606 0  @a化工设备@x使用方法@x广播电视大学@j教材
606 0  @a化工设备@x维修@x广播电视大学@j教材
606 0  @a化工设备
690    @aTQ050.7@v5
701  0 @a许春树@Axu chun shu@4主编
801  0 @aCN@bBJSDL@c20211011
905    @b1336735-8@dTQ050.7@e588@f4
    
    化工设备使用与维护/许春树主编.-北京:中央广播电视大学出版社,2021.4
    229页;26cm
    中央广播电视大学教材
    
    ISBN 978-7-304-05630-8:CNY22.00
    本书包括化工设备基础知识,换热设备、反应设备、塔设备、管道、阀门、压缩机的使用与维护,相关设备的运行管理。
●
相关链接 在E读中查询图书 在五车中查询图书 在当当中查询图书 在豆瓣中查询图书


正题名:化工设备使用与维护     索取号:TQ050.7/588         预约/预借

序号 登录号 条形码 馆藏地/架位号 状态 备注
1 1336735   213367355   第二样本阅览室/ [索取号:TQ050.7/588] 在馆    
2 1336736   213367364   第三借阅区/ [索取号:TQ050.7/588] 在馆    
3 1336737   213367373   第三借阅区/ [索取号:TQ050.7/588] 在馆    
4 1336738   213367382   第三借阅区/ [索取号:TQ050.7/588] 在馆    
唐山师范学院图书馆 欢迎您!
大连网信软件有限公司© 版权所有